Post harvest physiology and storage of tropical and subtropical fruits (Record no. 15960)

MARC details
000 -LEADER
fixed length control field 00440nam a22001577a 4500
003 - CONTROL NUMBER IDENTIFIER
control field OSt
005 - DATE AND TIME OF LATEST TRANSACTION
control field 20211029162328.0
008 - FIXED-LENGTH DATA ELEMENTS--GENERAL INFORMATION
fixed length control field 211029b |||||||| |||| 00| 0 eng d
020 ## - INTERNATIONAL STANDARD BOOK NUMBER
International Standard Book Number 0 85199 210 2
040 ## - CATALOGING SOURCE
Transcribing agency Hawassa University
050 ## - LIBRARY OF CONGRESS CALL NUMBER
Classification number 634.6/POS
Item number 4
082 ## - DEWEY DECIMAL CLASSIFICATION NUMBER
Classification number 634.6/POS
Item number 4
245 ## - TITLE STATEMENT
Title Post harvest physiology and storage of tropical and subtropical fruits
260 ## - PUBLICATION, DISTRIBUTION, ETC.
Place of publication, distribution, etc. UK
Name of publisher, distributor, etc. CAB International
Date of publication, distribution, etc. 1997
942 ## - ADDED ENTRY ELEMENTS (KOHA)
Source of classification or shelving scheme Dewey Decimal Classification
Koha item type Books like text book referance book
Suppress in OPAC No
Holdings
Withdrawn status Lost status Source of classification or shelving scheme Damaged status Not for loan Home library Current library Date acquired Total Checkouts Full call number Barcode Date last seen Copy number Price effective from Koha item type
    Dewey Decimal Classification     College of Agriculture Library College of Agriculture Library 10/29/2021   634.6/POS ALIB0010641 10/29/2021 1 10/29/2021 Books like text book referance book
    Dewey Decimal Classification     College of Agriculture Library College of Agriculture Library 10/29/2021   634.6/POS ALIB0010642 10/29/2021 2 10/29/2021 Books like text book referance book
    Dewey Decimal Classification     College of Agriculture Library College of Agriculture Library 10/29/2021   634.6/POS ALIB0010643 10/29/2021 3 10/29/2021 Books like text book referance book
    Dewey Decimal Classification     College of Agriculture Library College of Agriculture Library 10/29/2021   634.6/POS ALIB0010644 10/29/2021 5 10/29/2021 Books like text book referance book